The parliamentary libraries of the Nordic countries : (Record no. 2244)

MARC details
000 -LEADER
fixed length control field 01161cam a2200301 a 4500
001 - CONTROL NUMBER
control field 12509405
003 - CONTROL NUMBER IDENTIFIER
control field OSt
005 - DATE AND TIME OF LATEST TRANSACTION
control field 20230621150132.0
008 - FIXED-LENGTH DATA ELEMENTS--GENERAL INFORMATION
fixed length control field 010821s2000 sw a 000 0 eng d
010 ## - LIBRARY OF CONGRESS CONTROL NUMBER
LC control number 2001422296
020 ## - INTERNATIONAL STANDARD BOOK NUMBER
International Standard Book Number 9185050709
035 ## - SYSTEM CONTROL NUMBER
System control number (OCoLC)ocm48559846
040 ## - CATALOGING SOURCE
Original cataloging agency BDP
Transcribing agency BDP
Modifying agency DLC
041 1# - LANGUAGE CODE
Language code of text/sound track or separate title eng
Language code of original swe
042 ## - AUTHENTICATION CODE
Authentication code lccopycat
043 ## - GEOGRAPHIC AREA CODE
Geographic area code ev-----
082 00 - DEWEY DECIMAL CLASSIFICATION NUMBER
Classification number 328.54
Item number KAR
245 04 - TITLE STATEMENT
Title The parliamentary libraries of the Nordic countries :
Remainder of title and other information and documentation services in the Nordic Parliaments : Denmark, Finland, Iceland, Norway, Sweden.
260 ## - PUBLICATION, DISTRIBUTION, ETC. (IMPRINT)
Place of publication, distribution, etc. [Stockholm, Sweden] :
Name of publisher, distributor, etc. Committee of the Nordic Parliamentary Librarians,
Date of publication, distribution, etc. 2000.
300 ## - PHYSICAL DESCRIPTION
Extent 144 p. :
Other physical details ill. (some col.) ;
Dimensions 22 cm.
500 ## - GENERAL NOTE
General note Cover title.
650 #0 - SUBJECT ADDED ENTRY--TOPICAL TERM
Topical term or geographic name as entry element Legislative libraries
Geographic subdivision Scandinavia.
650 #0 - SUBJECT ADDED ENTRY--TOPICAL TERM
Topical term or geographic name as entry element Legislative bodies
Geographic subdivision Scandinavia
General subdivision Information services.
710 2# - ADDED ENTRY--CORPORATE NAME
Corporate name or jurisdiction name as entry element Nordiska parlamentsbibliotekarie kommittén.
906 ## - LOCAL DATA ELEMENT F, LDF (RLIN)
a 7
b cbc
c copycat
d 2
e ncip
f 20
g y-gencatlg
942 ## - ADDED ENTRY ELEMENTS (KOHA)
Source of classification or shelving scheme Dewey Decimal Classification
Koha item type Books
Holdings
Withdrawn status Lost status Source of classification or shelving scheme Damaged status Not for loan Home library Current library Date acquired Total Checkouts Full call number Barcode Date last seen Price effective from Koha item type
    Dewey Decimal Classification     County Hall Archives County Hall Archives 06/21/2023   328.54 KAR 10014271 06/21/2023 06/21/2023 Books
LIBRARY OPENING HOURS

When the Parliament is sitting: 8.00a.m - 7.00p.m or until the house adjourns
Mondays and Fridays and when the House is on Recess:  8.00a.m - 5.00p.m
Closed on Weekends and Public Holidays

Online Public Access Catalog (OPAC)
Website: http://www.parliament.go.ke
Bunge Library: https://libraryir.parliament.go.ke
Contact: library@parliament.go.ke | Tel no: (254-2)2221291 or 2848000 Ext 5043